000 00301nam a22001337a 4500
008 170710b xxu||||| |||| 00| 0 eng d
020 _a9780135295465
041 _aeng
080 _a030
100 _a23
101 _aENC
245 _aLIFETIME ENCYCLOPEDIA OF LETTERS
_cMEYER,H.W
942 _2udc
_cBK
999 _c20177
_d20177